A short history of India and Pakistan / (Record no. 20701)
[ view plain ]
| 000 -LEADER | |
|---|---|
| fixed length control field | 00939cam a22002771 4500 |
| 001 - CONTROL NUMBER | |
| control field | 279610 |
| 003 - CONTROL NUMBER IDENTIFIER | |
| control field | BDDh-ASL |
| 005 - DATE AND TIME OF LATEST TRANSACTION | |
| control field | 20231015025926.0 |
| 008 - FIXED-LENGTH DATA ELEMENTS--GENERAL INFORMATION | |
| fixed length control field | 711020t19621958nyubc 000 0 eng |
| 010 ## - LIBRARY OF CONGRESS CONTROL NUMBER | |
| LC control number | 65002538 |
| 040 ## - CATALOGING SOURCE | |
| Original cataloging agency | DLC |
| Transcribing agency | DLC |
| Modifying agency | DLC |
| -- | BDDh-ASL |
| 043 ## - GEOGRAPHIC AREA CODE | |
| Geographic area code | a-ii--- |
| 050 00 - LIBRARY OF CONGRESS CALL NUMBER | |
| Classification number | DS407 |
| Item number | .W3 1962 |
| 082 00 - DEWEY DECIMAL CLASSIFICATION NUMBER | |
| Classification number | 954 |
| Item number | WAS |
| 100 1# - MAIN ENTRY--PERSONAL NAME | |
| Personal name | Wallbank, T. Walter |
| Fuller form of name | (Thomas Walter), |
| Dates associated with a name | 1901- |
| 240 10 - UNIFORM TITLE | |
| Uniform title | India in the new era |
| 245 12 - TITLE STATEMENT | |
| Title | A short history of India and Pakistan / |
| Statement of responsibility, etc. | [by] T. Walter Wallbank. |
| 250 ## - EDITION STATEMENT | |
| Edition statement | An abridged ed. of India in the new era, completely rev. and up-to-date. |
| 260 ## - PUBLICATION, DISTRIBUTION, ETC. | |
| Place of publication, distribution, etc. | [New York] : |
| Name of publisher, distributor, etc. | New American Library, |
| Date of publication, distribution, etc. | [1962, c1958]. |
| 300 ## - PHYSICAL DESCRIPTION | |
| Extent | 320 p. : |
| Other physical details | maps, ports. |
| Dimensions | 18 cm. |
| 490 0# - SERIES STATEMENT | |
| Series statement | A Mentor book. MT462 |
| 500 ## - GENERAL NOTE | |
| General note | First published in 1951 under title: India in the new era. |
| 651 #0 - SUBJECT ADDED ENTRY--GEOGRAPHIC NAME | |
| Geographic name | India |
| General subdivision | History. |
| 906 ## - LOCAL DATA ELEMENT F, LDF (RLIN) | |
| a | 7 |
| b | cbc |
| c | orignew |
| d | u |
| e | ocip |
| f | 19 |
| g | y-gencatlg |
| 942 ## - ADDED ENTRY ELEMENTS (KOHA) | |
| Source of classification or shelving scheme | Dewey Decimal Classification |
| Koha item type | Books |
| Withdrawn status | Lost status | Source of classification or shelving scheme | Damaged status | Not for loan | Collection code | Home library | Current library | Shelving location | Date acquired | Source of acquisition | Total Checkouts | Full call number | Barcode | Date last seen | Copy number | Price effective from | Koha item type | Public note |
|---|---|---|---|---|---|---|---|---|---|---|---|---|---|---|---|---|---|---|
| Dewey Decimal Classification | Not For Loan | Non-fiction | Asiatic Society Library | Asiatic Society Library | Ludden Collection | 01/13/2021 | Donated by Prof. David Ludden | 954 WAS | 104176 | 01/13/2021 | C-1 | 01/13/2021 | Books | RARE |